[Event "Zupanja 70 GM1"]
[Site "Zupanja"]
[Date "2025.06.04"]
[Round "2"]
[White "Kovchan, Alexander"]
[Black "Lejlic, Samir"]
[Result "0-1"]
[WhiteElo "2438"]
[BlackElo "2301"]
[PlyCount "102"]
[EventDate "2025.06.03"]
[EventType "tourn"]
[EventRounds "9"]
[EventCountry "CRO"]
[EventCategory "6"]
[SourceTitle "CB27_2025"]
[SourceDate "2025.07.02"]
[SourceVersion "1"]
[SourceVersionDate "2025.07.02"]
[SourceQuality "1"]

1. e4 e5 2. Nf3 Nc6 3. Bb5 a6 4. Ba4 d6 5. 0-0 Bd7 6. c3 Nge7 7. Bb3 Ng6 8. d4 Be7 9. Nbd2 0-0 10. Nc4 a5 11. Ne3 Qe8 12. Re1 h6 13. h3 Bf6 14. Nd5 Bd8 15. Be3 Kh7 16. dxe5 dxe5 17. Bc5 Rh8 18. a4 Be6 19. Nd2 Nb8 20. Nc4 Nd7 21. Ba3 f6 22. Re3 c6 23. Nd6 Qg8 24. Rg3 Ndf8 25. Bc2 Nh4 26. Qh5 g5 27. Qe8 Nfg6 28. Qxg8+ Rxg8 29. Ne3 Nf4 30. Bd1 Rg7 31. Nef5 Rd7 32. c4 b6 33. Re3 Nhxg2 34. Rc3 Nh4 35. c5 Nxf5 36. exf5 Bd5 37. Kh2 Be7 38. Nc4 b5 39. axb5 cxb5 40. c6 Rdd8 41. Bxe7 bxc4 42. Bxd8 Rxd8 43. Kg1 Rb8 44. Rb1 Rb4 45. Re3 Rb6 46. Bf3 Bxc6 47. Bxc6 Rxc6 48. h4 Nd3 49. Ra1 Nxb2 50. Rxa5 c3 51. Ra7+ Kg8 0-1

[Event "Vecindario Montalvo Memorial 17th"]
[Site "Vecindario"]
[Date "2025.04.18"]
[Round "7"]
[White "Kovchan, Alexander"]
[Black "Garcia Padron, Juan"]
[Result "1-0"]
[WhiteElo "2433"]
[BlackElo "2155"]
[PlyCount "55"]
[EventDate "2025.04.12"]
[EventType "swiss"]
[EventRounds "9"]
[EventCountry "ESP"]
[SourceTitle "CB17_2025"]
[SourceDate "2025.04.23"]
[SourceVersion "1"]
[SourceVersionDate "2025.04.23"]
[SourceQuality "1"]

1. e4 c5 2. Nf3 d6 3. d4 cxd4 4. Nxd4 Nf6 5. Nc3 e6 6. g4 a6 7. g5 Nfd7 8. h4 Nc6 9. Be3 Qc7 10. f4 Be7 11. Bg2 b5 12. 0-0 b4 13. Nxc6 bxc3 14. Nxe7 Kxe7 15. bxc3 Rb8 16. f5 e5 17. f6+ gxf6 18. gxf6+ Ke8 19. Qg4 Qxc3 20. Bh6 Nxf6 21. Qg7 Rg8 22. Qxf6 Rxg2+ 23. Kxg2 Qh3+ 24. Kf2 Bg4 25. Rh1 Qc3 26. Bg5 Kd7 27. Rad1 Bxd1 28. Rxd1 1-0

[Event "British Rapidplay playoff"]
[Site "Peterborough"]
[Date "2025.03.02"]
[Round "2"]
[White "Vitiugov, Nikita"]
[Black "Kovchan, Alexander"]
[Result "1-0"]
[WhiteElo "2668"]
[BlackElo "2433"]
[PlyCount "59"]
[EventDate "2025.03.02"]
[EventType "match (blitz)"]
[EventRounds "3"]
[EventCountry "ENG"]
[SourceTitle "CB10_2025"]
[SourceDate "2025.03.05"]
[SourceVersion "1"]
[SourceVersionDate "2025.03.05"]
[SourceQuality "1"]

1. Nf3 Nf6 2. b3 g6 3. Bb2 Bg7 4. g3 b6 5. Bg2 Bb7 6. c4 c5 7. 0-0 0-0 8. d4 cxd4 9. Qxd4 Na6 10. Rd1 Nc5 11. Qh4 Rc8 12. g4 Nfe4 13. Bxg7 Kxg7 14. g5 Qc7 15. Na3 Nd6 16. Nd4 Bxg2 17. Kxg2 a6 18. Nac2 Qb7+ 19. f3 e5 20. Ne3 Nde4 21. Ndc2 Nc3 22. Ng4 f5 23. gxf6+ Kg8 24. Rd6 Nxe2 25. Nxe5 Rce8 26. Qh6 Rf7 27. Nxf7 Nf4+ 28. Qxf4 Re2+ 29. Kf1 Kxf7 30. Kxe2 1-0

[Event "British Rapidplay"]
[Site "Peterborough"]
[Date "2025.03.01"]
[Round "3"]
[White "Kovchan, Alexander"]
[Black "He, Tom Junde"]
[Result "1/2-1/2"]
[WhiteElo "2433"]
[BlackElo "2053"]
[PlyCount "123"]
[EventDate "2025.03.01"]
[EventType "swiss (rapid)"]
[EventRounds "11"]
[EventCountry "ENG"]
[SourceTitle "CB10_2025"]
[SourceDate "2025.03.05"]
[SourceVersion "1"]
[SourceVersionDate "2025.03.05"]
[SourceQuality "1"]

1. e4 c5 2. Nf3 Nc6 3. d4 cxd4 4. Nxd4 Nf6 5. Nc3 e5 6. Ndb5 d6 7. Bg5 a6 8. Na3 b5 9. Nd5 Be7 10. Bxf6 Bxf6 11. c3 Rb8 12. Nc2 Bg5 13. a4 bxa4 14. Ncb4 Nxb4 15. Nxb4 Bd7 16. Bxa6 Qa5 17. Qxd6 Rb6 18. Qd3 Be6 19. 0-0 0-0 20. Bc4 Rd8 21. Bd5 Bxd5 22. Rfd1 h6 23. exd5 Be7 24. Qe4 Bxb4 25. cxb4 Qxb4 26. Rxa4 Qxe4 27. Rxe4 Rxb2 28. Rxe5 f6 29. Rf5 Kf7 30. h4 g6 31. Rf4 Rb5 32. Rfd4 f5 33. g3 Rd6 34. Kg2 Kf6 35. R4d2 Ra5 36. Rd3 Rb5 37. R1d2 Ra5 38. f4 Rc5 39. Kf3 Rb5 40. Rd4 Rc5 41. R2d3 Rb5 42. Ke3 Ra5 43. Kd2 Rc5 44. Ke2 Rb5 45. Ke3 Ra5 46. Rd2 Rb5 47. Kf3 Rc5 48. R4d3 Rb5 49. g4 fxg4+ 50. Kxg4 Rc5 51. Rd4 Rc3 52. R2d3 Rc5 53. h5 gxh5+ 54. Kxh5 Kf5 55. Kh4 Rb5 56. Kg3 Rc5 57. Kf2 Rb5 58. Kf3 Rc5 59. Ke2 Rb5 60. Ke3 Ra5 61. Kd2 Rc5 62. Ke3 1/2-1/2

[Event "British Rapidplay"]
[Site "Peterborough"]
[Date "2025.03.01"]
[Round "6"]
[White "Rushbrooke, Remy"]
[Black "Kovchan, Alexander"]
[Result "0-1"]
[WhiteElo "2094"]
[BlackElo "2433"]
[PlyCount "80"]
[EventDate "2025.03.01"]
[EventType "swiss (rapid)"]
[EventRounds "11"]
[EventCountry "ENG"]
[SourceTitle "CB10_2025"]
[SourceDate "2025.03.05"]
[SourceVersion "1"]
[SourceVersionDate "2025.03.05"]
[SourceQuality "1"]

1. Nf3 Nf6 2. g3 b6 3. Bg2 Bb7 4. 0-0 c5 5. c4 g6 6. Nc3 Bg7 7. d4 cxd4 8. Qxd4 Na6 9. Rd1 Nc5 10. Be3 Rc8 11. b3 Ne6 12. Qh4 h6 13. Nd5 g5 14. Qh3 Bxd5 15. cxd5 g4 16. Qh4 gxf3 17. dxe6 fxg2 18. exd7+ Nxd7 19. Rac1 Rxc1 20. Bxc1 Qc8 21. Ba3 Bf6 22. Qa4 a6 23. Qg4 Qb7 24. Rc1 Nc5 25. Bxc5 bxc5 26. Rxc5 e6 27. Qa4+ Kf8 28. Qc4 h5 29. g4 Kg7 30. g5 Bb2 31. g6 Rd8 32. Qc2 Ba3 33. Qc3+ Kf8 34. Rc6 Rd1+ 35. Kxg2 Rc1 36. Qh8+ Ke7 37. g7 Qxc6+ 38. f3 Qc5 39. Qf8+ Kf6 40. Qxc5 Bxc5 0-1

[Event "BCF-chT 2425 (4NCL)"]
[Site "England"]
[Date "2025.02.16"]
[Round "6.51"]
[White "Kovchan, Alexander"]
[Black "Larkin, Vladislav"]
[Result "1/2-1/2"]
[WhiteElo "2456"]
[BlackElo "2441"]
[PlyCount "23"]
[EventDate "2024.11.23"]
[EventType "team-swiss"]
[EventRounds "11"]
[EventCountry "ENG"]
[SourceTitle "CB14_2025"]
[SourceDate "2024.11.01"]
[SourceVersion "1"]
[SourceVersionDate "2024.11.01"]
[SourceQuality "1"]
[WhiteTeam "Barnet Knights"]
[BlackTeam "CSC/Kingston"]
[WhiteTeamCountry "ENG"]
[BlackTeamCountry "ENG"]

1. e4 c6 2. d4 d5 3. Nd2 dxe4 4. Nxe4 Nf6 5. Ng3 e5 6. Nf3 exd4 7. Qxd4 Qxd4 8. Nxd4 g6 9. Be2 Bg7 10. 0-0 0-0 11. c3 Re8 12. h3 1/2-1/2

[Event "Senta Fantastico GM Mix 02"]
[Site "Senta"]
[Date "2025.02.12"]
[Round "3"]
[White "Jin, Hongtao"]
[Black "Kovchan, Alexander"]
[Result "1-0"]
[WhiteElo "2240"]
[BlackElo "2456"]
[PlyCount "125"]
[EventDate "2025.02.11"]
[EventType "swiss"]
[EventRounds "9"]
[EventCountry "SRB"]
[SourceTitle "CB09_2025"]
[SourceDate "2025.02.27"]
[SourceVersion "1"]
[SourceVersionDate "2025.02.27"]
[SourceQuality "1"]

1. e4 c5 2. Nf3 d6 3. d4 cxd4 4. Nxd4 Nf6 5. Nc3 a6 6. Be3 e5 7. Nb3 Be6 8. h3 Be7 9. Qf3 0-0 10. g4 a5 11. a4 Na6 12. 0-0-0 Rc8 13. Bb5 Rxc3 14. bxc3 d5 15. exd5 Bxd5 16. Rxd5 Qxd5 17. Qxd5 Nxd5 18. Bd2 Nb6 19. Re1 Bd6 20. c4 Rc8 21. Re4 f6 22. Bxa5 Nc5 23. Nxc5 Bxc5 24. Bd2 Bxf2 25. a5 Na8 26. Bd7 Rb8 27. Be3 Bxe3+ 28. Rxe3 Nc7 29. Rb3 Na6 30. Be6+ Kf8 31. Bd5 Nc5 32. Rb5 Rc8 33. Bxb7 Nxb7 34. Rxb7 Ra8 35. Rb5 Ke7 36. c5 g6 37. c4 h5 38. Kd2 hxg4 39. hxg4 f5 40. g5 Kd7 41. c6+ Kd6 42. Rd5+ Ke6 43. Kc3 f4 44. Kd3 f3 45. Ke3 Rf8 46. Rd2 Ra8 47. c7 Rc8 48. a6 Rxc7 49. Ra2 Ra7 50. Kxf3 Kf5 51. c5 e4+ 52. Ke3 Ke5 53. c6 Kd6 54. Kxe4 Re7+ 55. Kd4 Ra7 56. c7 Kxc7 57. Ke5 Kd7 58. Kf6 Ke8 59. Kxg6 Kf8 60. Kh6 Kg8 61. g6 Kh8 62. Rb2 Rh7+ 63. Kg5 1-0

[Event "Senta Fantastico op 03"]
[Site "Senta"]
[Date "2025.02.09"]
[Round "8.10"]
[White "Kovchan, Alexander"]
[Black "Stanojevic, Ilija"]
[Result "1-0"]
[WhiteElo "2456"]
[BlackElo "2186"]
[PlyCount "45"]
[EventDate "2025.02.05"]
[EventType "swiss"]
[EventRounds "9"]
[EventCountry "SRB"]
[SourceTitle "CB08_2025"]
[SourceDate "2025.02.19"]
[SourceVersion "1"]
[SourceVersionDate "2025.02.19"]
[SourceQuality "1"]

1. e4 c5 2. Nf3 Nc6 3. d4 cxd4 4. Nxd4 e5 5. Nb5 d6 6. c4 Be6 7. N5c3 Be7 8. Nd5 Rc8 9. Nbc3 Bg5 10. Bxg5 Qxg5 11. Nb5 Rd8 12. h4 Qg6 13. Ne3 Ke7 14. Bd3 h5 15. Qa4 a6 16. Nc7 Rc8 17. Ncd5+ Bxd5 18. Nf5+ Kf6 19. cxd5 Qxg2 20. Rf1 Nb8 21. Nxd6 Ne7 22. Nxc8 Rxc8 23. Qb4 1-0

[Event "Senta Fantastico op 03"]
[Site "Senta"]
[Date "2025.02.06"]
[Round "2.1"]
[White "Kovchan, Alexander"]
[Black "Senthil, Maran K"]
[Result "1-0"]
[WhiteElo "2456"]
[BlackElo "2380"]
[PlyCount "225"]
[EventDate "2025.02.05"]
[EventType "swiss"]
[EventRounds "9"]
[EventCountry "SRB"]
[SourceTitle "CB08_2025"]
[SourceDate "2025.02.19"]
[SourceVersion "1"]
[SourceVersionDate "2025.02.19"]
[SourceQuality "1"]

1. e4 c5 2. Nf3 Nc6 3. d4 cxd4 4. Nxd4 g6 5. c4 Bg7 6. Be3 Qb6 7. Nb3 Qd8 8. Nc3 Bxc3+ 9. bxc3 Nf6 10. Bd3 d6 11. f4 Ng4 12. Bd2 e5 13. 0-0 Qh4 14. h3 Qg3 15. hxg4 Qxd3 16. c5 d5 17. exd5 Qxd5 18. Qe2 Be6 19. Rae1 Qc4 20. Qxc4 Bxc4 21. Rf2 0-0-0 22. fxe5 Rhe8 23. Bf4 Bxb3 24. axb3 Rd3 25. Rf3 Red8 26. e6 fxe6 27. Rxe6 Rxf3 28. gxf3 Rf8 29. Re4 g5 30. Bxg5 Rxf3 31. Be3 Kd7 32. b4 a6 33. g5 Rf7 34. Rh4 Ne5 35. Kg2 Nf3 36. Rh1 Nxg5 37. Bxg5 Rg7 38. Kf3 Rxg5 39. Rxh7+ Kc6 40. Ke4 Rg4+ 41. Kd3 Rg3+ 42. Kc4 Rg4+ 43. Kb3 Rg1 44. Rh6+ Kc7 45. Rb6 Rb1+ 46. Kc4 Rd1 47. Re6 Rd7 48. Kb3 Rd2 49. Re3 Kc6 50. Rh3 Rd1 51. Kc2 Rg1 52. Rh6+ Kc7 53. Re6 Rg3 54. Kd2 Rh3 55. Re3 Rh1 56. Kd3 Kc6 57. Rg3 Rh4 58. Rf3 Rg4 59. Rh3 Rf4 60. Rh6+ Kc7 61. c4 Rg4 62. Re6 Rg3+ 63. Re3 Rg1 64. b5 axb5 65. cxb5 Rg4 66. Re4 Rg1 67. Kc4 Rc1+ 68. Kd5 Rd1+ 69. Rd4 Rb1 70. b6+ Kd7 71. Kc4+ Kc8 72. Rh4 Rc1+ 73. Kd5 Rd1+ 74. Rd4 Rh1 75. Rf4 Rd1+ 76. Ke5 Re1+ 77. Re4 Rc1 78. Kd6 Rd1+ 79. Ke7 Rd7+ 80. Ke6 Rd1 81. Re5 Rh1 82. Kf7 Rf1+ 83. Ke8 Rc1 84. Ke7 Rh1 85. Re6 Rh7+ 86. Kd6 Rd7+ 87. Ke5 Rd1 88. Re7 Re1+ 89. Kd6 Rd1+ 90. Ke6 Re1+ 91. Kf7 Rf1+ 92. Ke8 Rf5 93. Rc7+ Kb8 94. Ke7 Rh5 95. Ke6 Rh6+ 96. Kd5 Rh5+ 97. Kc4 Rh4+ 98. Kb5 Rh1 99. Rg7 Kc8 100. Rg8+ Kd7 101. c6+ bxc6+ 102. Ka6 Ra1+ 103. Kb7 c5 104. Rc8 Ra5 105. Kb8 Kd6 106. b7 Kd5 107. Kc7 Rb5 108. b8Q Rxb8 109. Kxb8 Kc4 110. Kc7 Kb3 111. Kd6 c4 112. Kd5 c3 113. Kd4 1-0

[Event "Hastings Masters op 98th"]
[Site "Hastings"]
[Date "2024.12.31"]
[Round "5"]
[White "Zhang, Pengxiang"]
[Black "Kovchan, Alexander"]
[Result "1-0"]
[WhiteElo "2567"]
[BlackElo "2455"]
[PlyCount "106"]
[EventDate "2024.12.28"]
[EventType "swiss"]
[EventRounds "9"]
[EventCountry "ENG"]
[SourceTitle "CB02_2025"]
[SourceDate "2025.01.08"]
[SourceVersion "1"]
[SourceVersionDate "2025.01.08"]
[SourceQuality "1"]

1. e4 c5 2. Nf3 d6 3. d4 cxd4 4. Nxd4 Nf6 5. Nc3 a6 6. h3 e6 7. g4 d5 8. exd5 Nxd5 9. Nde2 Nxc3 10. Qxd8+ Kxd8 11. Nxc3 Bd7 12. Bg2 Bc6 13. 0-0 Bxg2 14. Kxg2 Nd7 15. Ne4 h5 16. Rd1 hxg4 17. hxg4 Ke8 18. Bf4 Rc8 19. Rd2 Nf6 20. Nxf6+ gxf6 21. Rad1 Bh6 22. Bxh6 Rxh6 23. Rd7 Rg6 24. c3 b5 25. Ra7 Rxg4+ 26. Kf3 Rh4 27. Rdd7 Rh3+ 28. Ke2 b4 29. Re7+ Kf8 30. Rxf7+ Kg8 31. Rxf6 bxc3 32. bxc3 Rc6 33. Rg6+ Kf8 34. Rgg7 Rhxc3 35. Rgd7 Rc8 36. Rxa6 R3c7 37. Rxc7 Rxc7 38. Kd3 Ke7 39. Ra8 Rd7+ 40. Ke3 Rb7 41. a4 Rb3+ 42. Ke4 Rb2 43. f3 Re2+ 44. Kd3 Rf2 45. Ke3 Ra2 46. a5 Ra4 47. a6 Kd6 48. a7 Ra3+ 49. Kf4 Ra4+ 50. Kg3 Ke5 51. f4+ Ke4 52. f5 Ra3+ 53. Kh4 Kd5 1-0

[Event "Hoogeveen op 27th"]
[Site "Hoogeveen"]
[Date "2024.10.30"]
[Round "5"]
[White "Ganguly, Surya Shekhar"]
[Black "Kovchan, Alexander"]
[Result "1/2-1/2"]
[WhiteElo "2598"]
[BlackElo "2444"]
[PlyCount "86"]
[EventDate "2024.10.26"]
[EventType "swiss"]
[EventRounds "9"]
[EventCountry "NED"]
[SourceTitle "CB45_2024"]
[Source "ChessBase"]
[SourceDate "2024.11.06"]
[SourceVersion "1"]
[SourceVersionDate "2024.11.06"]
[SourceQuality "1"]

1. d4 Nf6 2. c4 g6 3. Nc3 d5 4. cxd5 Nxd5 5. e4 Nxc3 6. bxc3 Bg7 7. Bc4 c5 8. Ne2 0-0 9. d5 Nd7 10. 0-0 Nb6 11. Bb3 Bd7 12. a4 Qc7 13. a5 Nc8 14. Bf4 Be5 15. Qd2 Bxf4 16. Nxf4 Nd6 17. Rfe1 f6 18. e5 fxe5 19. Rxe5 Rf7 20. Rae1 Qxa5 21. Rxe7 Rxe7 22. Rxe7 Re8 23. Rxe8+ Bxe8 24. h4 Qa1+ 25. Kh2 Bf7 26. Qe3 c4 27. Bc2 Nb5 28. Qc5 Qxc3 29. Ne6 Qe5+ 30. f4 Qb8 31. Qxb5 Bxe6 32. dxe6 Qxf4+ 33. g3 Qf2+ 34. Kh3 Qf1+ 35. Kg4 Qe2+ 36. Kf4 Qxe6 37. Kf3 b6 38. Be4 Kg7 39. Qa6 Qf7+ 40. Ke3 Qc7 41. Qb7 Qxb7 42. Bxb7 h5 43. Kd4 Kf6 1/2-1/2

[Event "Hoogeveen op 27th"]
[Site "Hoogeveen"]
[Date "2024.10.29"]
[Round "4"]
[White "Schuricht, Emil Frederick"]
[Black "Kovchan, Alexander"]
[Result "1/2-1/2"]
[WhiteElo "2145"]
[BlackElo "2444"]
[PlyCount "36"]
[EventDate "2024.10.26"]
[EventType "swiss"]
[EventRounds "9"]
[EventCountry "NED"]
[SourceTitle "CB45_2024"]
[Source "ChessBase"]
[SourceDate "2024.11.06"]
[SourceVersion "1"]
[SourceVersionDate "2024.11.06"]
[SourceQuality "1"]

1. c4 e5 2. Nc3 Nf6 3. Nf3 Nc6 4. g3 Bb4 5. Nd5 e4 6. Nh4 0-0 7. Bg2 d6 8. Nxb4 Nxb4 9. a3 Nc6 10. d3 d5 11. 0-0 exd3 12. exd3 h6 13. Nf3 Bf5 14. Re1 Qd7 15. Bf4 Bg4 16. Qb3 Bxf3 17. Bxf3 Nd4 18. Qd1 Rfe8 1/2-1/2

[Event "San Cristobal de La Laguna op-A 6th"]
[Site "San Cristobal de La Laguna"]
[Date "2024.08.31"]
[Round "9"]
[White "Balaji, Aaravamudhan"]
[Black "Kovchan, Alexander"]
[Result "1/2-1/2"]
[WhiteElo "2355"]
[BlackElo "2440"]
[PlyCount "55"]
[EventDate "2024.08.24"]
[EventType "swiss"]
[EventRounds "9"]
[EventCountry "ESP"]
[SourceTitle "CBM 221 Extra"]
[Source "ChessBase"]
[SourceDate "2024.09.30"]
[SourceVersion "1"]
[SourceVersionDate "2024.09.30"]
[SourceQuality "1"]

1. d4 Nf6 2. c4 g6 3. Nc3 d5 4. cxd5 Nxd5 5. e4 Nxc3 6. bxc3 Bg7 7. Bc4 c5 8. Ne2 0-0 9. 0-0 Nc6 10. Be3 Na5 11. Bd3 Qc7 12. h4 e5 13. Rc1 h5 14. f4 exf4 15. Nxf4 Qd8 16. Qd2 cxd4 17. cxd4 Bxd4 18. Bxd4 Qxd4+ 19. Kh1 Nc6 20. Nxg6 fxg6 21. Qh6 Rf7 22. Rf2 Rxf2 23. Re1 Rf1+ 24. Rxf1 Bf5 25. exf5 Qxh4+ 26. Kg1 Qd4+ 27. Kh1 Qh4+ 28. Kg1 1/2-1/2

[Event "Leca da Palmeira op 3rd"]
[Site "Leca da Palmeira"]
[Date "2024.08.03"]
[Round "5"]
[White "Kovchan, Alexander"]
[Black "Balbuena Fuentes, Mario"]
[Result "1/2-1/2"]
[WhiteElo "2455"]
[BlackElo "2312"]
[PlyCount "113"]
[EventDate "2024.07.31"]
[EventType "swiss"]
[EventRounds "9"]
[EventCountry "POR"]
[SourceTitle "EXT 2025"]
[Source "ChessBase"]
[SourceDate "2024.10.14"]
[SourceVersion "1"]
[SourceVersionDate "2024.10.14"]
[SourceQuality "1"]

1. d4 e6 2. e4 d5 3. Nd2 c5 4. exd5 Qxd5 5. Ngf3 cxd4 6. Bc4 Qd6 7. 0-0 Nf6 8. Nb3 Nc6 9. Nbxd4 Nxd4 10. Nxd4 Be7 11. Be3 0-0 12. Qf3 Qc7 13. b3 Bd7 14. a4 Bd6 15. h3 Be5 16. Rad1 a6 17. Rfe1 Rfd8 18. Bg5 h6 19. Bc1 Bxd4 20. Rxd4 Bc6 21. Qf4 Qxf4 22. Rxf4 Nd5 23. Rg4 Nf6 24. Rg3 Ne4 25. Rge3 Rac8 26. Bb2 b5 27. axb5 axb5 28. Bd3 Nc5 29. Bf1 b4 30. Rg3 g6 31. Rg4 Rd2 32. Rc4 Bd5 33. Bc1 Bxc4 34. Bxd2 Bxf1 35. Kxf1 Na6 36. Rc1 h5 37. Ke2 Kf8 38. Ra1 Rc6 39. Ra5 Ke7 40. Kd1 Rb6 41. Be3 Rd6+ 42. Ke2 Kd7 43. g4 hxg4 44. hxg4 Rc6 45. Kd3 f5 46. gxf5 exf5 47. Rd5+ Ke6 48. Rb5 Rd6+ 49. Bd4 Rc6 50. f3 Rd6 51. Ra5 Rc6 52. Be3 Nc7 53. Bd2 Rd6+ 54. Ke2 Rc6 55. Kd3 Rd6+ 56. Ke2 Rc6 57. Kd3 1/2-1/2

[Event "London Mindsports op 4th"]
[Site "London"]
[Date "2024.07.23"]
[Round "9"]
[White "Kovchan, Alexander"]
[Black "Lim, Zhuo Ren"]
[Result "1/2-1/2"]
[WhiteElo "2455"]
[BlackElo "2251"]
[PlyCount "100"]
[EventDate "2024.07.18"]
[EventType "swiss"]
[EventRounds "9"]
[EventCountry "ENG"]
[SourceTitle "CBM 221 Extra"]
[Source "ChessBase"]
[SourceDate "2024.09.30"]
[SourceVersion "1"]
[SourceVersionDate "2024.09.30"]
[SourceQuality "1"]

1. e4 c5 2. Nf3 d6 3. d4 cxd4 4. Nxd4 Nf6 5. Nc3 a6 6. Be2 e5 7. Nb3 Be7 8. 0-0 0-0 9. Re1 Re8 10. Bf3 Be6 11. a4 Nc6 12. Nd5 Rc8 13. a5 Nd7 14. Bd2 Bg5 15. Bc3 Ne7 16. Ra4 Nxd5 17. exd5 Bf5 18. Rb4 Rc7 19. Nd2 Bg6 20. Nc4 Be7 21. h4 f5 22. h5 Bf7 23. Ne3 g6 24. hxg6 hxg6 25. Nc4 Rc5 26. Ne3 Qc8 27. Ra4 Rc7 28. g3 Bf6 29. Be2 Rxc3 30. bxc3 Nc5 31. Rc4 Qc7 32. Qa1 Bd8 33. Rb1 Qxa5 34. Qxa5 Bxa5 35. Rxc5 dxc5 36. Rxb7 Bxc3 37. Bxa6 Rd8 38. Rc7 Bd4 39. c4 Kg7 40. Nc2 Kf6 41. Na3 Be8 42. Bb7 e4 43. Nb5 Bxb5 44. cxb5 Rd6 45. Kg2 g5 46. f4 exf3+ 47. Kxf3 g4+ 48. Kg2 Ke5 49. Re7+ Kf6 50. Rc7 Ke5 1/2-1/2